<?xml version="1.0" encoding="UTF-8"?>
<collection xmlns="http://www.loc.gov/MARC21/slim">
 <record>
  <leader>01725nam a2200205Ia 4500</leader>
  <controlfield tag="001">CTU_159182</controlfield>
  <controlfield tag="008">210402s9999    xx            000 0 und d</controlfield>
  <datafield tag="020" ind1=" " ind2=" ">
   <subfield code="c">19.98</subfield>
  </datafield>
  <datafield tag="082" ind1=" " ind2=" ">
   <subfield code="a">639.09162</subfield>
  </datafield>
  <datafield tag="082" ind1=" " ind2=" ">
   <subfield code="b">B615</subfield>
  </datafield>
  <datafield tag="245" ind1=" " ind2="0">
   <subfield code="a">Bioeconomics of aquaculture</subfield>
  </datafield>
  <datafield tag="245" ind1=" " ind2="0">
   <subfield code="c">P. Geoffrey Allen ... [ et al. ]</subfield>
  </datafield>
  <datafield tag="260" ind1=" " ind2=" ">
   <subfield code="a">New York</subfield>
  </datafield>
  <datafield tag="260" ind1=" " ind2=" ">
   <subfield code="b">Distributors for the U.S. and Canada, Elsevier Science Pub. Co.</subfield>
  </datafield>
  <datafield tag="260" ind1=" " ind2=" ">
   <subfield code="c">1984</subfield>
  </datafield>
  <datafield tag="520" ind1=" " ind2=" ">
   <subfield code="a">This book describes the general principles and specific examples of modelling aquacultural production processes. Bioeconomic modelling combines two disciplines (applied economics and applied biological science) and its use in analysing optimal management decisions in aquacultural production is relatively new compared with agriculture. Containing published and unpublished work by the authors and other studies appearing in the literature, the book discusses modelling philosophies and provides workable approaches to the construction and testing of quantitative models. Necessary economic concepts are illustrated, specific types of biological and environmental responses with examples, are described, as are technical engineering functions applicable to aquacultural production. Final chapters give a selection of concise examples of bioeconomic modelling, often drawn from relatively inaccessible reports. Researchers conducting experiments on aquatic species wishing to express their results in quantitative responses, and aquacultural and fisheries economists working with biological response functions will find the book very useful.</subfield>
  </datafield>
  <datafield tag="650" ind1=" " ind2=" ">
   <subfield code="a">Aquaculture,Aquaculture</subfield>
  </datafield>
  <datafield tag="650" ind1=" " ind2=" ">
   <subfield code="x">Economic aspects</subfield>
  </datafield>
  <datafield tag="904" ind1=" " ind2=" ">
   <subfield code="i">QHieu</subfield>
  </datafield>
  <datafield tag="980" ind1=" " ind2=" ">
   <subfield code="a">Trung tâm Học liệu Trường Đại học Cần Thơ</subfield>
  </datafield>
 </record>
</collection>
